MARC

Tag First Indicator Second Indicator Subfields
LEADER 00000cam a2200000 4500
001 in00000039984
005 20151007070448.0
008 700205s1958 enka 10010 eng
010 |a  79009006  
035 |a (OCoLC)00057002 
035 |9 AAE4065AM 
040 |a DLC  |c DLC  |d TXA  |d UtOrBLW 
041 0 |a eng  |a fre  |a ger  |a ita 
049 |a TXAM  |c [452090] 
050 0 0 |a QD471  |b .I583 1957 
092 |a 546  |b F61c, 1958 
111 2 |a International Symposium on the Chemistry of the Coordination Compounds  |d (1957 :  |c Rome) 
245 1 0 |a Chemistry of the co-ordinate compounds /  |c a symposium sponsored by the Italian National Research Council, the international Union of Pure and Applied Chemistry, and the Italian Chemical society, Rome, 15-21 September 1957. 
264 1 |a London,  |a New York :  |b Pergamon Press,  |c [1958] 
300 |a 638 pages :  |b color frontispiece, illustrations 
336 |a text  |b txt  |2 rdacontent 
337 |a unmediated  |b n  |2 rdamedia 
338 |a volume  |b nc  |2 rdacarrier 
490 0 |a International series of monographs on inorganic chemistry, v. 1 
500 |a Italian, French, English, or German. 
650 0 |a Coordination compounds. 
650 0 |a Chemistry, Inorganic  |v Congresses. 
710 2 |a Consiglio nazionale delle ricerche (Italy) 
710 2 |a International Union of Pure and Applied Chemistry. 
710 2 |a Societa chemica italiana. 
999 |a MARS 
999 f f |s 1904cd76-5c09-38d5-b6aa-8698612d8787  |i 6ced1de0-4ffa-3585-9a27-3f27902a1d60  |t 0 
952 f f |p ric  |a Texas A&M University  |b Rellis Campus  |c Joint Library Facility  |d Remote Storage  |t 0  |e QD471 .I583 1957  |h Library of Congress classification  |i unmediated -- volume  |m A14833958166 
998 f f |a QD471 .I583 1957  |t 0  |l Remote Storage